Quizzes
Events
Quiz Creation
Community
Videos
Private Events
Remove Ads
Sign In
Join for FREE
Feedback
Dark Mode
Quiz Categories
Sports
Geography
Music
Movies
Television
Just For Fun
Miscellaneous
History
Literature
Language
Science
Gaming
Entertainment
Religion
Holiday
For Kids
Quiz Lab
Recent
Popular Today
Quiz Kudos Today
Editor Picks
Curator Picks
Quizzes by...
Day
Popularity
Type
Ratings
Length
Year
Community
Subscriptions
Recent Discussions
Orange Saloon
Badges
Playlists
Quests
Create
Leaderboards
Showdown
Live 5
Trivia Bingo
Activity
Puzzle Library
Sporcle Events
Private Events
Virtual Trivia
Globe League
Become a Host
Pub Owners
SporcleCon
Opinionation
Our Games
Videos
Blog
Mobile Apps
Partnerships
Remove Ads and Go Orange
Feedback
Miscellaneous
Crossword
General Knowledge
Baby Names
Logo
Food
Cars
Numbers
Grab Bag
University
College
Popular
Company
Slogans
Restaurants
Justice
Letter
Miscellaneous
Crossword
General Knowledge
Baby Names
Logo
Food
Cars
Numbers
Grab Bag
University
College
Popular
Company
Slogans
Restaurants
Justice
Letter
Random Quiz
Search Sporcle
×
Quiz Lab
Quiz Lab
Miscellaneous
Famous
Type in answers that appear in a list
Type in answers that appear in a list
Classic
Best Score? Go Orange.
Famous 5's Stats
Can you name the Famous 5's?
By
Arvex88
5m
75 Questions
1,822 Plays
1,822 Plays
1,822 Plays
Comments
Comments
Give Quiz Kudos
Give Quiz Kudos
-
- Ratings
hide this ad
Replay
Link that replays current quiz
Next Quiz
Link to next quiz in quiz playlist
You Got
0%
They Got
Avg Score
63%
Avg Friend Score
Upgrade to see
Score Distribution
Jump to the score distribution portion of the page
Score
0/75
Timer
05:00
0
Plays Today
% Correct
a
99.4%
i
99.2%
e
99.1%
o
99%
u
98.8%
Touch
95.3%
Michael Jackson
94.9%
Sight
94.6%
Hear
94.3%
Smell
94%
Taste
92.8%
Pacific
92.7%
Atlantic
92.3%
Thumb
90.9%
Indian
89.8%
Navy
87%
Middle Finger
87%
Ring Finger
86.3%
Army
85.5%
Pinky Finger
85.5%
Pointer Finger
85.1%
Lake Erie
84.4%
Scooby-Doo
83.5%
Lake Michigan
83.4%
Air Force
82.7%
Arctic
79.7%
Lake Superior
79.3%
Norville 'Shaggy' Rogers
79.2%
Marines
79%
Freedom of Speech
77.8%
Moe
73.8%
Lake Ontario
73.7%
Curly
73.4%
Sweden
73.1%
Norway
72.9%
Lake Huron
71.1%
Finland
70.5%
Larry
69.2%
% Correct
Velma Dinkley
67.5%
Denmark
67.1%
Fire
64.7%
Fred Jones
64.4%
Water
64.3%
Coast Guard
63.6%
Earth
63.6%
Tito Jackson
63.6%
Iceland
61.1%
Wind
60.8%
Daphne Blake
57.8%
Southern
57.3%
Freedom of religion
56.9%
Animalia
52.2%
Jermaine Jackson
49.9%
Freedom of the Press
49.3%
Plantae
49.2%
Genesis
42%
Exodus
38.9%
Fungi
36.6%
Freedom of Assembly
36.3%
Numbers
34%
Deuteronomy
34%
Leviticus
33.9%
Heart
29.6%
Shemp
25.9%
Pilgrimage to Mecca
25.7%
Joe
23.5%
Five Daily Prayers towards Mecca
22.7%
Marlon Jackson
16.7%
Protista
15.9%
Giving to the Needy
15.7%
Jackie Jackson
14.8%
Fasting during Ramadan
14.1%
Freedom to Petition
13.8%
Monera
6.8%
Public Profession of Faith
3.6%
Quiz Playlist
Details
Report
Send in Message
Add To Playlist
Classic:
Type in answers that appear in a list
Last Updated: Feb 16, 2017
Quiz Scoreboard
CHALLENGE
Sign Up to Join the Scoreboard
Show All
Scores
Hide
Comments
May contain spoilers
Recently Published
College Basketball Coaching Resumes
by pancakes188
Sports
9m
Billboard Blitz: Fleetwood Mac
by CooCooCachoo
Music
15s
Presidents Visiting Landmarks
by Hejman
History
7m
More to Explore
Quiz From the Vault
Featured Blog Post
Where Did the Easter Bunny Come From?
hide this ad
You Might Also Like...
Tags
Famous Quiz
Today's Top Quizzes in Miscellaneous
Browse Miscellaneous
hide this ad
Today's Top Quizzes in Famous
Browse Famous
Top Contributed Quizzes in Miscellaneous
1
5-to-1: Fast Food
2
The JOE quick-fire general knowledge quiz: Day 174
3
The JOE quick-fire general knowledge quiz: Day 173
4
5-to-1: Cocktails
5
The JOE quick-fire general knowledge quiz: Day 172
6
Sunday Crossword: Famous Bodies of Water
7
The JOE quick-fire general knowledge quiz: Day 171
8
One Thing in Common: United Kingdom II
9
Named After an Animal - Odd One Out!
10
The JOE quick-fire quiz: Day 170
Explore More
Trending Topics
Disney
Anime
Marvel
NBA
Kpop
Harry Potter
Crossword
NFL
Puzzle
Soccer
The Office
Country
WWE
Pokémon
Song
hide this ad
More By:
Arvex88
Quiz
Plays
Rating
Category
Featured
Created
Famous 5's
1,822
3.95
Miscellaneous
Nov 16, 2009
Random Top 5
631
2.00
Miscellaneous
Nov 17, 2009
Go to Creator's Profile
Score Distribution
Quiz Creator Spotlight
Arvex88
Follow
Send a Message
Quizzes Created
-
Created Quiz Play Count
-
More By This Creator
Popular Quizzes Today
1
Find the US States - No Outlines Minefield
2
Find the Countries of Europe - No Outlines Minefield
3
The Countries of the World
4
Find the US States
5
Risky Map Clicking: Biggest States A-Z
6
US States
7
Popular People in 1961
8
Movies - When Are They Set?
More Miscellaneous Quizzes
Put a Name to a Face IX
Published
Trending Quizzes
Risky Map Clicking: Least Populous States A-Z
1-10 Letter G Words
1-10 Letter F Words
Risky Map Clicking: Next State Alphabetically
Risky Map Clicking: Biggest States A-Z
Recently Updated
Leaping Animals
pecheneg
Reality TV Shows (A-Z)
bhenderson79
Rickey Henderson's Hall of Fame Teammates
pecheneg
Champions League XIs: Arsenal
pecheneg
Quick Pick: Celebrities in WWE's Hall of Fame
aduchscher
A-Z Keypad Blitz II
pecheneg
Multiple Oscar Actors
pecheneg
Mystery Phrase Blitz: Oscar 'Best Actors'
pecheneg
F. Scott Fitzgerald Novels
LTH
Pick 3 Villains
ddd62291
Trending Topics
Crossword
Harry Potter
NBA
Disney
Anime
Kpop
Marvel
NFL
Country
The Office
Pokémon
Puzzle
Song
WWE
Soccer
Your Account Isn't Verified!
In order to create a playlist on Sporcle, you need to verify the email address you used during registration. Go to your
Sporcle Settings
to finish the process.
Report this User
Report this user for behavior that violates our
Community Guidelines
.
Details:
Send Report
Go to the Sporcle.com Mobile Site →
Comments